| 000 | 00713am a2200265a 44500 | ||
|---|---|---|---|
| 003 | AR-BaBNM | ||
| 005 | 20251128211151.0 | ||
| 008 | 043020s1994 #AR|||||||||||000 | esp|| | ||
| 020 | _a84-204-8127-0 | ||
| 040 | _cAR-BaBNM | ||
| 100 | 1 | _aMartini, Juan | |
| 245 | 1 | 0 | _aEl fantasma imperfecto |
| 260 |
_aMadrid _bSantillana _c1994 |
||
| 300 | _a178 p. | ||
| 490 | 0 | _aAlfaguara hispánica | |
| 500 | _aEl presente ejemplar cuenta con dedicatoria manuscrita del autor al sr. Roberto Guareschi | ||
| 650 | 4 | _aLITERATURA ARGENTINA | |
| 650 | 4 | _aLITERATURA CONTEMPORANEA | |
| 650 | 4 | _aNOVELAS | |
| 650 | 4 | _aESCRITORES | |
| 653 | _aNARRATIVA | ||
| 655 | _aLITERATURA | ||
| 942 | _cBK | ||
| 998 | _cmartin | ||
| 999 |
_c18540 _d18540 |
||